书目信息 |
| 题名: |
工业水污染控制
|
|
| 作者: | 艾肯费尔德 , Eckenfelder 著 ;陈忠明 , 李赛君 译 | |
| 分册: | ||
| 出版信息: | 北京 化学工业出版社 2004.05 |
|
| 页数: | 361页 | |
| 开本: | 26cm | |
| 丛书名: | ||
| 单 册: | ||
| 中图分类: | X52 , X703 , X703 | |
| 科图分类: | ||
| 主题词: | 工业废水--污染控制 , 工业废水--废水处理 , 污染控制 , 废水处理 , 废物 , 废物处理 , 废物综合利用 | |
| 电子资源: | ||
| ISBN: | 7-5025-5020-8 | |
| 000 | 01234nam0 2200397 45 | |
| 001 | 012004000000 | |
| 005 | 20050110110032.86 | |
| 010 | @a7-5025-5020-8@dCNY 38.00 | |
| 100 | @a20041120d2004 em y0chiy0121 ea | |
| 101 | 1 | @achi@ceng |
| 102 | @aCN@b110000 | |
| 105 | @aak z 001yy | |
| 200 | 1 | @a工业水污染控制@Agong ye shui wu ran kong zhi@e第3版@f(美)W. 韦斯利·艾肯费尔德(W. Wesley Eckenfelder)著@g陈忠明, 李赛君等译 |
| 210 | @a北京@c化学工业出版社@d2004.05 | |
| 215 | @a361页@c图, 表格@d26cm | |
| 300 | @a国外名校名著 | |
| 304 | @a书名原文: Industrial water plooution control, third edition | |
| 320 | @a书末附索引 | |
| 324 | @a原书第3版 | |
| 510 | 1 | @aIndustrial water plooution control@eThird edition@zeng |
| 606 | 0 | @a工业废水@x污染控制 |
| 606 | 0 | @a工业废水@x废水处理 |
| 606 | 0 | @a污染控制 |
| 606 | 0 | @a废水处理 |
| 606 | 0 | @a废物 |
| 606 | 0 | @a废物处理 |
| 606 | 0 | @a废物综合利用 |
| 690 | @aX52@v4 | |
| 690 | @aX703@v4 | |
| 690 | @aX703@v3 | |
| 701 | 1 | @a艾肯费尔德@Aai ken fei er de@bW. 韦斯利.@4著 |
| 701 | A1 | @aEckenfelder@bW. Wesley@4著 |
| 702 | 0 | @a陈忠明@Achen zhong ming@4译 |
| 702 | 0 | @a李赛君@Ali sai jun@4译 |
| 801 | 0 | @aCN@bQSSKxf@c20050110 |
| 905 | @a10447@dX703@eW519 | |
| 工业水污染控制:第3版/(美)W. 韦斯利·艾肯费尔德(W. Wesley Eckenfelder)著/陈忠明, 李赛君等译.-北京:化学工业出版社,2004.05 |
| 361页:图, 表格;26cm |
| 国外名校名著 |
| ISBN 7-5025-5020-8:CNY 38.00 |
| ● |
| 相关链接 |
|
|
|
正题名:工业水污染控制
索取号:X703/W519
 
预约/预借
| 序号 | 登录号 | 条形码 | 馆藏地/架位号 | 状态 | 备注 |
| 1 | 435543 | 204355438 | 自科二线504/504自科库 41排4列5层/ [索取号:X703/W519] | 在馆 | |
| 2 | 435544 | 204355447 | 自科库501/501自科库 105排1列5层/ [索取号:X703/W519] | 在馆 | |
| 3 | 435545 | 204355456 | 自科二线504/504自科库 41排4列5层/ [索取号:X703/W519] | 在馆 |